LEADER 01417nam a2200289 4500 001 000000367915 003 CaOOAMICUS 005 20260522123846.0 008 260522s2026 it 000 u ita r 020 $a978-88-399-4226-5 040 $aSeMil$bita 100 1 $aPeña, Carmen.$0(OLS)http://semarc/name/124459 245 10$aRiforma sinodale e diritto canonico :$bpotenzialità del Codice suggerimenti di revisione /$cCarmen Peña ; con la collaborazione di Serena Noceti ; prefazione di Giuliano Brugnotto. 264 1$aBrescia :$bQueriniana,$c2026. 300 $a84 p. ;$c21 cm 490 1 $aPassi di sinodalità 650 4$aChiesa e sinodalità.$0(OLS)http://semarc/subject/18874 650 4$aSinodalità - Diritto canonico.$0(OLS)http://semarc/subject/55122 700 1 $aBrugnotto, Giuliano.$0(OLS)http://semarc/name/37348 700 1 $aNoceti, Serena,$d<1966- >.$0(OLS)http://semarc/name/14545 830 0$aPassi di sinodalità.$0(OLS)http://semarc/title/456346 850 $aSeMil 852 $aSeMil$W1$xVenegono$y1$m2BA Q 9$j272395$B258573$CSeMilBibl$Z2$F258573 $81 996 $6020$a978-88-399-4226-5$9(OLS)http://semarc/number/305985 996 $6245$aRiforma sinodale e diritto canonico :$bpotenzialità del Codice suggerimenti di revisione$9(OLS)http://semarc/title/459908 996 $6264$aBrescia :$bQueriniana$9(OLS)http://semarc/publisher/29615